00583 2200241 4500001002100000005001500021035002000036007000300056008004100059020002200100082001400122084002000136100001900156245002800175250001100203260003600214300002100250650002000271700001100291990001300302990001300315990001300328INLIS00000000000784720220222022746 a0010-0222000129ta220222 g 1 ind  a978-602-391-319-0 a899.221 3 a899.221 3 ZHA o0 aZhaenal Fanani1 aOIRAN /cZhaenal Fanani acet. 1 aYogyakarta :bDIVA Press,c2016 a352 hlm ;c24 cm 4afiksi indonesia0 aAinini a022.5569 a022.5568 a022.5567